Student's favourite dictionary : (Record no. 110715)
[ view plain ]
| 000 -LEADER | |
|---|---|
| fixed length control field | 00503nam a22001697a 4500 |
| 003 - CONTROL NUMBER IDENTIFIER | |
| control field | BD-ChCU |
| 005 - DATE AND TIME OF LATEST TRANSACTION | |
| control field | 20260105131627.0 |
| 008 - FIXED-LENGTH DATA ELEMENTS--GENERAL INFORMATION | |
| fixed length control field | 260105b bg ||||| |||| 00| 0 ben d |
| 040 ## - CATALOGING SOURCE | |
| Transcribing agency | BD-ChCU |
| 082 ## - DEWEY DECIMAL CLASSIFICATION NUMBER | |
| Classification number | REF 423.6 STU |
| 100 ## - MAIN ENTRY--PERSONAL NAME | |
| Personal name | Asho Tosh Dev. |
| 9 (RLIN) | 18631 |
| 245 ## - TITLE STATEMENT | |
| Title | Student's favourite dictionary : |
| Remainder of title | Bengal to english ./ |
| Statement of responsibility, etc. | Tosh dev, Asho |
| 260 ## - PUBLICATION, DISTRIBUTION, ETC. | |
| Place of publication, distribution, etc. | Calcutta: |
| Name of publisher, distributor, etc. | Dev sahitya kutir ltd. |
| Date of publication, distribution, etc. | C 1986 |
| 300 ## - PHYSICAL DESCRIPTION | |
| Extent | 1386p |
| 650 #0 - SUBJECT ADDED ENTRY--TOPICAL TERM | |
| Topical term or geographic name entry element | Bengali Literature - Dictionaries. |
| 9 (RLIN) | 18634 |
| 942 ## - ADDED ENTRY ELEMENTS (KOHA) | |
| Source of classification or shelving scheme | Dewey Decimal Classification |
| Koha item type | Books |
| Suppress in OPAC | No |
| Withdrawn status | Lost status | Source of classification or shelving scheme | Damaged status | Not for loan | Home library | Current library | Shelving location | Date acquired | Source of acquisition | Total Checkouts | Full call number | Barcode | Date last seen | Copy number | Price effective from | Koha item type |
|---|---|---|---|---|---|---|---|---|---|---|---|---|---|---|---|---|
| Dewey Decimal Classification | Chittagong University Library | Chittagong University Library | Reference | 01/05/2026 | Purchase | REF 423.6 STU | 150793 | 01/05/2026 | C-1 | 01/05/2026 | Books | |||||
| Dewey Decimal Classification | Chittagong University Library | Chittagong University Library | Reference | 01/05/2026 | Purchase | REF 423.6 STU | 150794 | 01/05/2026 | C-2 | 01/05/2026 | Books | |||||
| Dewey Decimal Classification | Chittagong University Library | Chittagong University Library | Reference | 01/05/2026 | Purchase | REF 423.6 STU | 150795 | 01/05/2026 | C-3 | 01/05/2026 | Books | |||||
| Dewey Decimal Classification | Chittagong University Library | Chittagong University Library | Reference | 01/05/2026 | Purchase | REF 423.6 STU | 150796 | 01/05/2026 | C-4 | 01/05/2026 | Books | |||||
| Dewey Decimal Classification | Chittagong University Library | Chittagong University Library | Reference | 01/05/2026 | Purchase | REF 423.6 STU | 150797 | 01/05/2026 | C-5 | 01/05/2026 | Books |